8c : Fun with sounds

Bibliographic Details
Main Author: Murray, W.
Corporate Author: Title
Other Authors: Wingfield, J.H
Format: Book
Published: London : Ladybird
Series:Key words with Ladybird
Subjects:

MARC

LEADER 00000cam a2200000 7i4500
001 0000005518
005 20151222.0
008 070807
020 |a 184422399X 
090 0 0 |a JF   |b EL ENG 
100 1 |a Murray, W. 
245 1 0 |a 8c :   |b Fun with sounds   |c Written by W. Murray; illustrated by M.Aitchison and J.H Wingfield 
260 |a London :   |b Ladybird 
440 0 |a Key words with Ladybird 
500 |a Children ages 7-9 years old (orange) 
650 0 |a Early learning 
650 0 |a Junior preschool   |x English   |x Languages 
700 1 |a Wingfield, J.H. 
710 0 |a Title 
999 |a 0000894445   |b Book   |c Children Collection   |e Cawangan Tmn. Ungku Tun Aminah 
999 |a 0000894449   |b Book   |c Children Collection   |e Cawangan Mersing 
999 |a 0000894450   |b Book   |c Children Collection   |e Cawangan Pontian 
999 |a 0000894453   |b Book   |c Children Collection   |e Cawangan Segamat 
999 |a 0000894454   |b Book   |c Children Collection   |e Cawangan Bandar Penawar 
999 |a 0000979788   |b Book   |c Children Collection   |e Cawangan Sri Merlong 
999 |a 0000979789   |b Book   |c Children Collection   |e Cawangan Sri Merlong 
999 |a 0000979790   |b Book   |c Children Collection   |e Cawangan Sri Merlong 
999 |a 0000979791   |b Book   |c Children Collection   |e Cawangan Sri Merlong 
999 |a 0000979792   |b Book   |c Children Collection   |e Cawangan Sri Merlong